000 00913nam a2200277 i 4500
003 DO-SdBNP
005 20250708110632.0
007 ta
008 250708b2025 dr ac||| |||| 00| 0 spa d
020 _a9789945654998
040 _aDO-SdBNP
_bspa
_cBNPHU
_erda
041 _aspa
082 4 _axxx
_bP581v
_222
100 _aPiantini Colón , Freddy,
_d1939-
_eautor
_4aut.
_977652
245 1 _aVivencia y legado /
_cFreddy Piantini ; prólogo, Rafael Tomás Piantini Noesí
264 1 _aSanto Domingo :
_bEditorial Santuario,
_c2025.
300 _a180 páginas ;
_c23 cm.
336 _atexto
_btxt
_2rdacontent
337 _asin mediación
_bn
_2rdamedia
338 _avolumen
_bnc
_2rdacarrier
500 _aIncluye datos biográficos del autor en la solapas
590 _aInventariado, 2025/BT
700 _aPiantini Noesí, Rafael Tomás,
_eprologuista
_4pr.
_988277
910 _aBtavárez
942 _2ddc
_cLBS1
999 _c58711
_d58711